Applications of Thermodynamics to Metallurgical Processes

Gardado en:
Detalles Bibliográficos
Main Authors: Gaskell, David R (Author), St. Pierre, George R (Author), O'Keefe, Thomas J (Author), Morris, Arthur E. (Author)
Formato: Libro
Idioma:inglés
Publicado: Nueva York Aime 1975
Subjects:
Tags: Engadir etiqueta
Sen Etiquetas, Sexa o primeiro en etiquetar este rexistro!

MARC

LEADER 00000nam a2200000 a 4500
001 UCH2782
003 CL-VaPUC
005 20240923100259.0
008 090624e19750000us 1 eng d
082 0 4 |a 541.369  |b GAS  |2 21 
100 |a Gaskell, David R  |e author  |9 621415 
700 1 |a St. Pierre, George R  |e author  |9 621416 
700 1 |a O'Keefe, Thomas J  |e author  |9 621417 
700 |a Morris, Arthur E.  |e author  |9 621418 
245 1 0 |a Applications of Thermodynamics to Metallurgical Processes 
260 |a Nueva York  |b Aime  |c 1975 
300 |a pag. irreg 
583 |a last modification  |c 20090624 00:00:00  |k Rodrigo Vera 
650 0 0 |a Termodinámica   |9 259320 
650 0 0 |a Estados de la Materia  |9 347141 
650 0 7 |a EQUILIBRIOS QUIMICOS  |2 CL-VaPUC  |9 336637 
650 0 0 |a Calor específico  |9 259409 
650 0 0 |a Entropía  |9 262675 
650 0 0 |a Gases  |9 260945 
650 0 7 |a TEMPERATURA  |2 CL-VaPUC  |9 621419 
650 0 0 |a Metales   |9 260686 
942 |c BK 
945 |a dcastane  |d 20090624 00:00:00 
546 |a En Inglés 
536 |a AIME 
518 |p AIME Annual Meeting, 104, New York, 16-20 febrero 1975 
999 |c 384445  |d 384443 
952 |0 0  |1 0  |4 0  |6 541_369000000000000_GAS_1975  |7 0  |8 A  |9 507158  |a BIBCUR  |b BIBCUR  |d 2020-01-23  |i 4564820  |o 541.369 GAS 1975  |p 4564820  |r 2025-04-22  |w 2020-01-23  |y BK  |k FIS